Linejnaja algebra

Salvato in:
Dettagli Bibliografici
Autori principali: Iľjin, Vladimir A. (Autore), Poznak, Eduard G. (Autore)
Natura: Libro
Lingua:russo
Pubblicazione: Moskva : Nauka, 1978
Edizione:2.izd.
Tags: Aggiungi Tag
Nessun Tag, puoi essere il primo ad aggiungerne!!

MARC

LEADER 00000nam a22000003a 4500
001 stu195975
005 20150617230023.9
008 091116s1984------------------------rus-d
040 |a STU  |b slo 
041 0 |a rus 
080 |a 512.64 
100 1 |a Iľjin, Vladimir A.  |4 aut 
245 1 |a Linejnaja algebra 
250 |a 2.izd. 
260 |a Moskva :  |b Nauka,  |c 1978 
300 |a 302 s 
700 1 |a Poznak, Eduard G.  |4 aut 
996 |b E42487  |c E*42487  |l EE03  |s P  |a 0  |w stu195975_0002